000 00518nam a22001817a 4500
999 _c81104
_d81104
005 20230711145452.0
010 _aENG-108757 ENG-137356
020 _c350.00
_a9781908357205
035 _aEN-92290 EN-120888
037 _bDBAD/PUB
082 _aN
100 _aKussa, Shivcharan Jaggi
245 _aStruggle for honour /
_cby Shivcharan Jaggi Kussa
260 _aNew Delhi
_bStar Publications
_c2013
270 _a4/5B, Asaf Ali Road
_bDelhi
_e110002
300 _a288p.
_c23cm(Hb)
942 _2ddc
_cEN
_mKUS
_hN